Phương pháp mới học toán đại học T.1 Tích phân & Vi phân
محفوظ في:
| المؤلف الرئيسي: | |
|---|---|
| التنسيق: | كتاب |
| منشور في: |
H.
Giáo dục
2001
|
| الموضوعات: | |
| الوسوم: |
إضافة وسم
لا توجد وسوم, كن أول من يضع وسما على هذه التسجيلة!
|
| Thư viện lưu trữ: | Trung tâm Học liệu Lê Vũ Hùng, Trường Đại học Đồng Tháp |
|---|
| LEADER | 00871pam a22002538a 4500 | ||
|---|---|---|---|
| 001 | 00020305 | ||
| 005 | 20171026081025.0 | ||
| 008 | 110517s2001 ||||||Viesd | ||
| 020 | |c 36000 | ||
| 041 | 0 | # | |a Vie |
| 082 | 1 | # | |a 515 |b PH561PH |
| 100 | 0 | # | |a Dương Minh Đức |
| 245 | 0 | 0 | |a Phương pháp mới học toán đại học |c Dương Minh Đức |n T.1 |p Tích phân & Vi phân |
| 260 | # | # | |a H. |b Giáo dục |c 2001 |
| 300 | # | # | |a 448 tr. |c 24 cm. |
| 500 | # | # | |a Dùng cho sinh viên năm thứ I và lớp cử nhân năng khiếu toán - tin học |
| 650 | |a Giáo trình | ||
| 650 | |a Toán | ||
| 650 | |a Tích phân | ||
| 653 | # | # | |a Vi phân |
| 852 | # | # | |b Kho đọc |j KD.0005805 |
| 852 | # | # | |j KD.0005805 |
| 910 | # | # | |a Đức |d 17/05/2011 |
| 980 | # | # | |a Trung tâm Học liệu Lê Vũ Hùng, Trường Đại học Đồng Tháp |